LEADER 00676nam0-2200241 --450 001 9910513308803321 005 20220104123915.0 010 $a0415251036 100 $a20220104d2006----kmuy0itay5050 ba 101 0 $aeng 102 $aGB 105 $a 001yy 200 1 $a<>introduction to Roman tragedy$fA. J. Boyle 210 $aLondon$aNew York$cRoutledge$d2006 215 $aXI, 303 p.$d22 cm 700 1$aBoyle,$bAnthony James$0154801 801 0$aIT$bUNINA$gREICAT$2UNIMARC 901 $aBK 912 $a9910513308803321 952 $aP2B 270 BOYLE 2006$b2021/3588$fFLFBC 959 $aFLFBC 996 $aIntroduction to Roman tragedy$91097264 997 $aUNINA LEADER 02079nas 2200637- 450 001 9910146463003321 005 20241130213016.0 011 $a1863-8163 035 $a(DE-599)ZDB2375523-4 035 $a(OCoLC)170877048 035 $a(CKB)1000000000280759 035 $a(CONSER)--2019205577 035 $a(EXLCZ)991000000000280759 100 $a20070910a20079999 s-- b 101 0 $ager 135 $aurmnu|||||||| 181 $ctxt$2rdacontent 182 $cc$2rdamedia 183 $acr$2rdacarrier 200 00$aAStA Wirtschafts- und Sozialstatistisches Archiv 210 1$aBerlin :$cSpringer,$d2007- 215 $a1 online resource 300 $a"Eine Zeitschrift der Deutschen Statistischen Gesellschaft." 311 08$a1863-8155 517 3 $aWirtschafts- und Sozialstatistisches Archiv 531 1 $aAStA, Wirtsch.- soz.stat. Arch. 606 $aStatistics$vPeriodicals 606 $aStatistique$vPériodiques 606 $aEconomic history$2fast$3(OCoLC)fst00901974 606 $aStatistics$2fast$3(OCoLC)fst01132103 606 $aStatistiek$2gtt 606 $aEstadística demogràfica$2thub 606 $aCondicions econòmiques$2thub 607 $aGermany$xStatistics, Vital$vPeriodicals 607 $aGermany$xEconomic conditions$vStatistics$vPeriodicals 607 $aAllemagne$xStatistiques de l'état civil$vPériodiques 607 $aAllemagne$xConditions économiques$xStatistiques$vPériodiques 607 $aGermany$2fast 607 $aAlemanya$2thub 608 $aPeriodicals.$2fast 608 $aStatistics.$2fast 608 $aPeriodicals.$2lcgft 608 $aRevistes electròniques.$2thub 615 0$aStatistics 615 6$aStatistique 615 7$aEconomic history. 615 7$aStatistics. 615 17$aStatistiek. 615 7$aEstadística demogràfica. 615 7$aCondicions econòmiques. 676 $a310 686 $a31.73$2bcl 906 $aJOURNAL 912 $a9910146463003321 996 $aAStA Wirtschafts- und Sozialstatistisches Archiv$92274576 997 $aUNINA